Angielski - czasowniki nieregularne, past simple - Statystyki

Ogólne statystyki
  • Ten quiz został rozwiązany 30 razy
  • Średni wynik to 21 z 24
Statystyki odpowiedzi
infinitve past simple % Poprawnych
drink drank
100%
write wrote
100%
cost cost
96%
cut cut
96%
drive drove
96%
hit hit
96%
put put
96%
swim swam
96%
hurt hurt
92%
ride rode
92%
sing sang
92%
feel felt
88%
meet met
88%
ring rang
85%
sleep slept
85%
learn learnt
81%
lend lent
81%
send sent
81%
spend spent
81%
dream dreamt
77%
keep kept
77%
leave left
77%
mean meant
73%
take took
65%
Nie znaleziono quizów pasujących do podanych kryteriów
Rozkład punktacji
Procent ludzi z każdym wynikiem
Percentyl według liczby udzielonych odpowiedzi
Twoja historia wyników
Nie rozwiązałeś tego quizu